[Event "Bodensee op Seniors 6th"]
[Site "Bregenz"]
[Date "2022.05.28"]
[Round "7"]
[White "Herold, Hansjoerg"]
[Black "Stadelmayer, Bernd"]
[Result "1-0"]
[WhiteElo "1849"]
[BlackElo "1630"]
[PlyCount "135"]
[EventDate "2022.05.22"]
[EventType "swiss"]
[EventRounds "7"]
[EventCountry "AUT"]
[SourceTitle "CBM 208 Extra"]
[Source "ChessBase"]
[SourceDate "2022.07.31"]
[SourceVersion "1"]
[SourceVersionDate "2022.07.31"]
[SourceQuality "1"]

1. e4 e5 2. Nf3 Nc6 3. Bc4 Nf6 4. Ng5 d5 5. exd5 Na5 6. Bb5+ c6 7. dxc6 bxc6 8. Bd3 Nd5 9. Ne4 Qc7 10. Be2 f5 11. Nec3 Bd6 12. d3 0-0 13. Nxd5 cxd5 14. Nc3 Qc6 15. d4 Re8 16. 0-0 a6 17. dxe5 Rxe5 18. Bf4 Re6 19. Bxd6 Rxd6 20. Bf3 Be6 21. Re1 Qd7 22. Rxe6 Qxe6 23. Bxd5 Rxd5 24. Qxd5 Qxd5 25. Nxd5 Rd8 26. Ne7+ Kf7 27. Nxf5 Rd2 28. Ne3 Nc6 29. Rd1 Rxd1+ 30. Nxd1 Nb4 31. c3 Nxa2 32. f3 Ke6 33. Kf2 Nc1 34. Ke3 Kd5 35. Kd2 Nb3+ 36. Kc2 Na1+ 37. Kd3 Nb3 38. Ne3+ Ke5 39. g3 g5 40. Nc4+ Kf5 41. Nd6+ Ke5 42. Nb7 Nc1+ 43. Kc2 Ne2 44. Kd2 Ng1 45. Ke3 Kd5 46. Kf2 Nh3+ 47. Kg2 g4 48. f4 Kc4 49. Na5+ Kb5 50. Nb3 a5 51. Nd2 a4 52. Ne4 Kc4 53. f5 Kd5 54. f6 Ke6 55. Nc5+ Kxf6 56. Nxa4 Ng5 57. b4 Ke5 58. b5 Kd6 59. c4 Ne4 60. c5+ Kc7 61. Kf1 Ng5 62. Nc3 Nf3 63. Nd5+ Kc8 64. Kg2 Ne1+ 65. Kh1 Nd3 66. c6 Ne5 67. Kg2 Kb8 68. Kf2 1-0

[Event "Bodensee op Seniors 6th"]
[Site "Bregenz"]
[Date "2022.05.23"]
[Round "2"]
[White "Zwick, Hubert"]
[Black "Herold, Hansjoerg"]
[Result "1-0"]
[WhiteElo "2032"]
[BlackElo "1849"]
[PlyCount "89"]
[EventDate "2022.05.22"]
[EventType "swiss"]
[EventRounds "7"]
[EventCountry "AUT"]
[SourceTitle "CBM 208 Extra"]
[Source "ChessBase"]
[SourceDate "2022.07.31"]
[SourceVersion "1"]
[SourceVersionDate "2022.07.31"]
[SourceQuality "1"]

1. d4 Nf6 2. Nf3 d5 3. g3 e6 4. Bg2 c5 5. 0-0 Nc6 6. c4 dxc4 7. dxc5 Qxd1 8. Rxd1 Bxc5 9. Nbd2 0-0 10. Nxc4 Ng4 11. e3 Rd8 12. Rxd8+ Nxd8 13. Nfe5 Nxe5 14. Nxe5 Rb8 15. Bd2 f6 16. b4 Be7 17. Nd3 Bd7 18. a4 Rc8 19. b5 b6 20. Bb4 Bxb4 21. Nxb4 Rc4 22. Rd1 Rxb4 23. Rxd7 Nf7 24. Rxa7 Rb1+ 25. Bf1 Ne5 26. Kg2 Ra1 27. h3 Ra2 28. Re7 Rxa4 29. Rxe6 Nd7 30. Re7 Nc5 31. Re8+ Kf7 32. Rb8 Nd7 33. Rb7 Ke6 34. Rc7 h6 35. f4 Ra2+ 36. Kf3 Rd2 37. h4 g6 38. Rc6+ Rd6 39. Rc7 Ke7 40. Bh3 f5 41. h5 Kf6 42. Rc6 Re6 43. hxg6 Nf8 44. g7 Kxg7 45. Bxf5 1-0

[Event "Rottach Egern Seniors Cup 9th"]
[Site "Rottach Egern"]
[Date "2021.10.22"]
[Round "1"]
[White "Koehler, Gerhard"]
[Black "Herold, Hansjoerg"]
[Result "1-0"]
[WhiteElo "2176"]
[BlackElo "1836"]
[PlyCount "57"]
[EventDate "2021.10.22"]
[EventType "swiss"]
[EventRounds "7"]
[EventCountry "GER"]
[SourceTitle "CBM 204 Extra"]
[Source "ChessBase"]
[SourceDate "2021.11.30"]
[SourceVersion "1"]
[SourceVersionDate "2021.11.30"]
[SourceQuality "1"]

1. c4 e5 2. g3 c6 3. d4 exd4 4. Qxd4 d5 5. cxd5 Qxd5 6. Qxd5 cxd5 7. Nc3 Nf6 8. Bg2 Be6 9. Nh3 Nc6 10. Nf4 d4 11. Nb5 Bb4+ 12. Bd2 Bxd2+ 13. Kxd2 Rd8 14. Nc7+ Ke7 15. Ncxe6 fxe6 16. Nd3 Rd6 17. Rhc1 Nd7 18. Rc2 Ndb8 19. Nc5 d3 20. Nxd3 Rhd8 21. Ke1 Nd4 22. Rc3 Nbc6 23. Rac1 Nb5 24. Rc5 Nbd4 25. Be4 b6 26. Rxc6 Nxc6 27. Rxc6 Rxc6 28. Bxc6 e5 29. Nxe5 1-0

[Event "Rhein Main op-B 22nd"]
[Site "Bad Homburg"]
[Date "2019.06.19"]
[Round "1"]
[White "Herold, Hansjoerg"]
[Black "Tracy, Eliszabeth"]
[Result "1-0"]
[WhiteElo "1854"]
[BlackElo "1449"]
[PlyCount "57"]
[EventDate "2019.06.19"]
[EventType "swiss"]
[EventRounds "7"]
[EventCountry "GER"]
[SourceTitle "EXT 2020"]
[Source "ChessBase"]
[SourceDate "2019.10.17"]
[SourceVersion "1"]
[SourceVersionDate "2019.10.17"]
[SourceQuality "1"]

1. e4 e5 2. Nf3 Nf6 3. d4 exd4 4. Qxd4 Nc6 5. Qa4 Bc5 6. Bg5 h6 7. Bh4 Qe7 8. Nbd2 d5 9. 0-0-0 dxe4 10. Nxe4 Qxe4 11. Re1 Qxe1+ 12. Nxe1 Ng4 13. Nd3 Bd6 14. h3 Nge5 15. Nxe5 Bxe5 16. f4 Bd6 17. Qe4+ Ne7 18. Bb5+ c6 19. Bxe7 Bxe7 20. Bxc6+ Bd7 21. Bxd7+ Kxd7 22. Qxb7+ Ke6 23. Re1+ Kf6 24. Qxe7+ Kg6 25. f5+ Kh7 26. Qxf7 Rhf8 27. Qg6+ Kh8 28. Re7 Rg8 29. f6 1-0

[Event "Stuttgart-chA int"]
[Site "Ditzingen"]
[Date "2016.05.06"]
[Round "3"]
[White "Wenner, Tobias"]
[Black "Herold, Hansjoerg"]
[Result "1/2-1/2"]
[WhiteElo "2136"]
[BlackElo "1983"]
[PlyCount "88"]
[EventDate "2016.05.05"]
[EventType "swiss"]
[EventRounds "7"]
[EventCountry "GER"]
[SourceTitle "EXT 2018"]
[Source "ChessBase"]
[SourceDate "2017.10.13"]
[SourceVersion "1"]
[SourceVersionDate "2017.10.13"]
[SourceQuality "1"]

1. Nf3 Nf6 2. c4 d5 3. g3 dxc4 4. Na3 a6 5. Nxc4 b5 6. Ne3 Bb7 7. Bg2 e6 8. 0-0 Be7 9. a4 c5 10. axb5 axb5 11. Rxa8 Bxa8 12. Qb3 Qa5 13. Nc4 Qa6 14. Na3 b4 15. Nc4 Nc6 16. d3 0-0 17. Be3 Bb7 18. Rc1 Nd7 19. Bh3 Ra8 20. Qd1 Qb5 21. Ng5 Nde5 22. Nxe5 Nxe5 23. Bg2 Bxg2 24. Kxg2 Qb7+ 25. Kg1 Qd5 26. Nh3 Ng6 27. Nf4 Nxf4 28. Bxf4 Rc8 29. b3 Bg5 30. e4 Qd8 31. Bxg5 Qxg5 32. Rc4 e5 33. Qc2 Qe7 34. Rxb4 Rd8 35. Rc4 g6 36. Rxc5 Rxd3 37. b4 Rd4 38. b5 Qd6 39. Rd5 Rxd5 40. exd5 Qxd5 41. Qc6 Qd4 42. b6 e4 43. Kg2 Qb2 44. b7 e3 1/2-1/2

[Event "Pyramiden Franken Cup"]
[Site "Fuerth"]
[Date "2015.09.06"]
[Round "7"]
[White "Herold, Hansjoerg"]
[Black "Diller, Peter"]
[Result "0-1"]
[WhiteElo "2003"]
[BlackElo "2053"]
[PlyCount "78"]
[EventDate "2015.09.03"]
[EventType "swiss"]
[EventRounds "7"]
[EventCountry "GER"]
[SourceTitle "EXT 2016"]
[Source "ChessBase"]
[SourceDate "2015.10.08"]
[SourceVersion "1"]
[SourceVersionDate "2015.10.08"]
[SourceQuality "1"]

1. e4 e6 2. d4 d5 3. e5 c5 4. c3 Nc6 5. a3 a6 6. f4 b5 7. Nf3 Nh6 8. Bd3 Be7 9. 0-0 Qb6 10. Bc2 0-0 11. Kh1 Ra7 12. Be3 a5 13. Qd2 Ba6 14. Ng5 g6 15. Rf3 cxd4 16. cxd4 Nf5 17. Bxf5 exf5 18. Nc3 Rd7 19. e6 fxe6 20. Nxe6 Re8 21. Nc5 Bxc5 22. dxc5 Qd8 23. Bd4 b4 24. axb4 Re4 25. Bf2 Rxb4 26. Re1 d4 27. Na2 Rb5 28. Nc1 Rxc5 29. Nd3 Rcd5 30. Rc1 Qb6 31. Rxc6 Qxc6 32. Ne5 Rxe5 33. fxe5 Qd5 34. Ra3 Bb7 35. Bg3 Qe4 36. Rxa5 Rc7 37. Ra1 Rc2 38. Re1 Rxd2 39. Rxe4 Bxe4 0-1

[Event "Pyramiden Franken Cup"]
[Site "Fuerth"]
[Date "2015.09.03"]
[Round "1"]
[White "Herold, Hansjoerg"]
[Black "Miller, Eduard"]
[Result "0-1"]
[WhiteElo "2003"]
[BlackElo "2245"]
[PlyCount "42"]
[EventDate "2015.09.03"]
[EventType "swiss"]
[EventRounds "7"]
[EventCountry "GER"]
[SourceTitle "EXT 2016"]
[Source "ChessBase"]
[SourceDate "2015.10.08"]
[SourceVersion "1"]
[SourceVersionDate "2015.10.08"]
[SourceQuality "1"]

1. e4 c5 2. Nc3 a6 3. f4 b5 4. Nf3 Bb7 5. d3 e6 6. g3 d5 7. exd5 exd5 8. Qe2+ Be7 9. Bg2 Nf6 10. 0-0 Nc6 11. Bd2 0-0 12. Be1 Re8 13. Qd2 d4 14. Nd1 Qc7 15. Kh1 c4 16. Bf2 cxd3 17. Qxd3 Nb4 18. Qd2 Ne4 19. Qc1 Bf6 20. a3 Nxc2 21. Nxd4 Nxf2+ 0-1

[Event "Rhein Main op-A 17th"]
[Site "Bad Homburg"]
[Date "2014.06.21"]
[Round "5"]
[White "Wiewesiek, Timo"]
[Black "Herold, Hansjoerg"]
[Result "1-0"]
[WhiteElo "1745"]
[BlackElo "1994"]
[PlyCount "89"]
[EventDate "2014.06.18"]
[EventType "swiss"]
[EventRounds "7"]
[EventCountry "GER"]
[SourceTitle "CBM 161 Extra"]
[Source "ChessBase"]
[SourceDate "2014.08.29"]
[SourceVersion "1"]
[SourceVersionDate "2014.08.29"]
[SourceQuality "1"]

1. e4 e5 2. Nf3 d6 3. d4 Nd7 4. Nc3 c6 5. Bc4 Be7 6. Bb3 Ngf6 7. 0-0 0-0 8. Bg5 Qc7 9. Qd2 Re8 10. Rfe1 Nf8 11. d5 Bg4 12. Nh4 a6 13. h3 Bd7 14. Bxf6 Bxf6 15. Nf5 c5 16. Bc4 b5 17. Be2 b4 18. Nd1 Bxf5 19. exf5 Qd7 20. Bd3 h6 21. g3 Nh7 22. h4 Bd8 23. Be4 Nf6 24. f3 Qb5 25. b3 Bb6 26. Kg2 c4 27. Qe2 c3 28. Nf2 Bd4 29. Ng4 Nxe4 30. fxe4 Qxe2+ 31. Rxe2 a5 32. a4 bxa3 33. Rxa3 Reb8 34. Re1 Bc5 35. Ra4 Rb4 36. Rea1 Rab8 37. Kf3 Rd4 38. Rxd4 Bxd4 39. Ke2 h5 40. Nh2 Rb5 41. Nf3 Bb6 42. Ra4 Rb4 43. Kd3 Bf2 44. Rxa5 Bxg3 45. Ra8+ 1-0

[Event "Arco op 34th"]
[Site "Arco"]
[Date "2012.10.21"]
[Round "9"]
[White "Herold, Hansjoerg"]
[Black "Schaefer, Michael"]
[Result "0-1"]
[WhiteElo "2043"]
[BlackElo "2174"]
[PlyCount "138"]
[EventDate "2012.10.13"]
[EventType "swiss"]
[EventRounds "9"]
[EventCountry "ITA"]
[SourceTitle "EXT 2013"]
[Source "ChessBase"]
[SourceDate "2012.11.22"]
[SourceVersion "1"]
[SourceVersionDate "2012.11.22"]
[SourceQuality "1"]

1. e4 c5 2. c3 d5 3. exd5 Qxd5 4. d4 g6 5. Be3 cxd4 6. Qxd4 Nf6 7. Nf3 Nc6 8. Qxd5 Nxd5 9. Bd4 Nxd4 10. Nxd4 Bg7 11. Bb5+ Bd7 12. Bxd7+ Kxd7 13. Nf3 Rhd8 14. 0-0 Ke8 15. Nbd2 Nf4 16. g3 Nd3 17. Rab1 b5 18. Ne4 h6 19. Ne1 Ne5 20. f4 Nc4 21. Nf3 Rd5 22. Rbd1 Rxd1 23. Rxd1 Nxb2 24. Rb1 Na4 25. Rxb5 Nxc3 26. Nxc3 Bxc3 27. Rb7 a5 28. Rc7 Bb4 29. Ne5 Bd6 30. Rb7 Rb8 31. Rxb8+ Bxb8 32. Nc4 Bc7 33. Kf2 Kd7 34. Ke3 Kc6 35. Kd4 Kb5 36. Na3+ Kb4 37. Nc2+ Kb5 38. Na3+ Kc6 39. Nc4 a4 40. Na3 Bb6+ 41. Kc4 f6 42. Nb5 Bc5 43. Nc3 h5 44. Nxa4 Bg1 45. h3 Bh2 46. g4 hxg4 47. hxg4 Bxf4 48. Kd4 Be5+ 49. Kc4 f5 50. gxf5 gxf5 51. Nc5 Bc7 52. Ne6 Kd6 53. Nd4 Ke5 54. Nc6+ Kd6 55. Nd4 e6 56. a4 Bb6 57. Nb3 e5 58. a5 Ba7 59. Nc1 e4 60. Ne2 Ke5 61. Kc3 f4 62. Kd2 f3 63. Ng3 e3+ 64. Ke1 Kf4 65. Nh5+ Kg4 66. Nf6+ Kf5 67. Nd5 Ke4 68. Nb4 Bd4 69. a6 Bc3+ 0-1

[Event "Dortmund Sparkassen op"]
[Site "Dortmund"]
[Date "2008.07.05"]
[Round "8"]
[White "Herold, Hansjoerg"]
[Black "Wittenberg, Andreas"]
[Result "0-1"]
[WhiteElo "2051"]
[BlackElo "2002"]
[PlyCount "128"]
[EventDate "2008.06.30"]
[EventType "swiss"]
[EventRounds "9"]
[EventCountry "GER"]
[SourceTitle "CBM 125 Extra"]
[Source "ChessBase"]
[SourceDate "2008.09.01"]
[SourceVersion "1"]
[SourceVersionDate "2008.09.01"]
[SourceQuality "1"]

1. e4 c5 2. c3 e6 3. d4 d5 4. exd5 exd5 5. Nf3 a6 6. Be2 Nf6 7. 0-0 c4 8. Re1 Be7 9. Ne5 0-0 10. Nd2 Bf5 11. Ndf3 h6 12. Be3 Ne4 13. Nd2 Nf6 14. Bf3 Be6 15. b3 cxb3 16. Qxb3 Qc7 17. Rab1 b5 18. Nd3 Nbd7 19. Bf4 Bd6 20. Bxd6 Qxd6 21. Rbc1 Rfc8 22. g3 Bf5 23. Nf4 Nb6 24. Re5 Be6 25. Nxe6 fxe6 26. Rce1 Re8 27. Kg2 Rac8 28. R5e3 Rc6 29. h3 Kf7 30. Qd1 Kg8 31. R1e2 Na4 32. Qb3 Kf7 33. Re1 Qd7 34. Kh2 Qc8 35. Rc1 Re7 36. Bg2 Rec7 37. Nb1 Rc4 38. Rce1 Nxc3 39. Rxe6 Qxe6 40. Rxe6 Kxe6 41. Nxc3 Rxc3 42. Qb4 R3c4 43. Qe1+ Kf7 44. Qe5 Rd7 45. Bf1 Rc2 46. a4 Rxf2+ 47. Kg1 Rb2 48. axb5 axb5 49. Qb8 b4 50. Qc8 Re7 51. Qc1 Rb3 52. Bg2 Rxg3 53. Qb2 b3 54. Kh2 Rge3 55. Qb1 Rb7 56. Qb2 Rc7 57. Qa3 Re2 58. Kg1 b2 59. Qa2 Rc1+ 60. Kh2 b1Q 61. Qa6 Rxg2+ 62. Kxg2 Qe4+ 63. Kf2 Rc2+ 64. Kg1 Qe3+ 0-1

[Event "Dortmund Sparkassen op"]
[Site "Dortmund"]
[Date "2008.07.03"]
[Round "6"]
[White "Deinert, Wolfgang"]
[Black "Herold, Hansjoerg"]
[Result "0-1"]
[WhiteElo "1872"]
[BlackElo "2051"]
[PlyCount "38"]
[EventDate "2008.06.30"]
[EventType "swiss"]
[EventRounds "9"]
[EventCountry "GER"]
[SourceTitle "CBM 125 Extra"]
[Source "ChessBase"]
[SourceDate "2008.09.01"]
[SourceVersion "1"]
[SourceVersionDate "2008.09.01"]
[SourceQuality "1"]

1. e4 e5 2. Nf3 Nf6 3. d4 Nxe4 4. Bd3 d5 5. Nxe5 Be7 6. 0-0 0-0 7. c4 Nf6 8. Nc3 Be6 9. c5 c6 10. Re1 Nbd7 11. Bf4 Re8 12. Re3 Bf8 13. Qe2 g6 14. Bg5 Bg7 15. Re1 Nxc5 16. Bb1 Ncd7 17. Nxd7 Qxd7 18. Bxf6 Bxf6 19. Qd2 Bg5 0-1